Drapeaux contenant l'Union Jack - Statistiques

Statistiques générales
  • Ce quiz a été pris 56 fois
  • Le résultat moyen est 10 sur 16
Statistiques - réponses
Par images Réponse % Correct
Australie
100%
Nouvelle-Zélande
98%
Royaume-Uni
95%
Fidji
91%
Tuvalu
86%
Iles Cook
67%
Iles vierges britanniques
65%
Niue
58%
Bermudes
53%
Iles Caïmans
53%
Iles Malouines
49%
Anguilla
47%
Montserrat
47%
Sainte-Hélène
44%
Iles Pitcairn
42%
Iles Turques et Caïques
40%
Aucun quiz correspondant
Distribution des résultats
% des personnes avec chaque résultat
Percentile par nombre de réponses
Votre historique - résultats
Vous n’avez pas pris ce quiz